Statistics for Largest Cities In Rhode Island

Click here to take the quiz!

General Stats

  • This quiz has been taken 10 times
  • The average score is 5 of 8

Answer Stats

Pop.City% Correct
180,393Providence
100%
80,871Warwick
80%
47,600East Providence
60%
24,942Newport
60%
81,202Cranston
50%
72,001Pawtucket
50%
41,759Woonsocket
50%
19,359Central Falls
20%

Score Distribution

Percentile by Number Answered

Percent of People with Each Score

Your Score History

You have not taken this quiz